| 000 | 01948cam a22003971i 4500 | ||
|---|---|---|---|
| 001 | 752035 | ||
| 003 | EG-ScBUE | ||
| 005 | 20251209091731.0 | ||
| 008 | 730410s2005 ne a f b 001 0 eng | ||
| 020 | _a8181477081 | ||
| 020 | _a979818477087 | ||
| 040 |
_aEG-ScBUE _beng _erda _cEG-ScBUE _dEG-ScBUE |
||
| 041 | 1 |
_aeng _hger |
|
| 082 | 0 | 4 |
_a547.34834 _222 _bFEI |
| 100 | 1 |
_aFeigl, Fritz, _d1891-1971, _97068 _eauthor. |
|
| 240 | 1 | 0 |
_aQuantitative Analyse mit Hilfe von Tüpfelreaktionen. _lEnglish |
| 245 | 1 | 0 |
_aSpot tests in organic analysis / _cby Fritz Feigl, Eng., D.Sc., Laboratorio da Produção Mineral, Ministério da Agricultura, Rio de Janeiro ; professor at the University of Brazil ; member of the Austrian, Brazilian and Gotenburg Academies of Sciences, in collaboration with Vinzenz Anger, Research Laboratory, Lobachemie, Vienna, Austria ; translated by Ralph E. Oesper, professor emeritus, University of Cincinnati. |
| 250 | _aSeventh English edition, completely revised and enlarged. | ||
| 264 | 1 |
_aAmsterdam : _bElsevier, _c2005. |
|
| 300 |
_axxiii, 772 pages : _billustrations ; _c23 cm |
||
| 336 |
_2rdacontent _atext _btxt |
||
| 337 |
_aunmediated _2rdamedia _bn |
||
| 338 |
_avolume _bnc _2rdacarrier |
||
| 500 | _aTranslation of the second part of a work originally published under title: Qualitative Analyse mit Hilfe von T�upfelreaktionen. | ||
| 500 | _a"Companion volume: Spot tests inorganic analysis." | ||
| 500 | _aIncludes Appendices. | ||
| 504 | _aIncludes bibliographical references and index. | ||
| 546 | _aText in English ; translated from the original German language. | ||
| 650 | 7 |
_aChemistry, Analytic _xQualitative. _97069 _2BUEsh |
|
| 650 | 7 |
_aSpot tests (Chemistry) _97070 _2BUEsh |
|
| 650 | 7 |
_aChemistry, Organic. _97071 _2BUEsh |
|
| 655 | _vReading book | ||
| 700 | 1 |
_aAnger, Vinzenz, _eauthor. |
|
| 700 | 1 |
_aOesper, Ralph E. _q(Ralph Edward), _d1886-1977, _etranslator. |
|
| 942 |
_2ddc _cBB |
||
| 999 |
_c12070 _d12070 |
||